000 00905nam a22001937a 4500
003 AM-YeHGA
005 20250617154128.0
008 180522s1947 ru ||||| |||| 00| 0 rus d
040 _aAM-YeHGA
041 0 _arus
100 1 _aЛебедев, Петр Спиридонович
245 1 0 _aВсесоюзные первенства по лыжному спорту :
_bСправочник /
_cМ-во труд. резервов СССР. Центр. совет всесоюз. добровольного спортивного о-ва "Труд. резервы"
260 _aМосква :
_bтип. Минсудпрома,
_c1947.
300 _a47, [6] с.;
_b
_c14 см.
650 1 4 _aЛыжный спорт
_x Соревнования
710 2 _a"Трудовые резервы", всесоюзное спортивное общество
942 _2udc
_cBK
090 _c407615
999 _c405369
_d405369